00951 2200313 4500001002100000005001500021035002000036007000300056008004100059020002200100040002200122082001600144084001800160090002200178100003100200245008100231250003300312300004700345650001900392700003000411850001200441504003100453264003500484336002100519337003000540338002300570999002200593990002200615INLIS00000000089467220250326101624 a0010-0325000753ta250326s2017 yoia g ind d a978-602-6338-71-6 aYOPDYOGbinderda04223a796.312 a796.312 ERM o aCB-D.11 2017-34930 aErmawan SusantoePengarang10aOlahraga permainan bola tangan /cErmawan Susanto; penyunting, Shendy Amalia aEdisi pertama : Agustus 2017 avii, 166 halaman :bgambar, tabel ;c23 cm 4aPermainan bola0 aShendy AmaliaePenyunting aYOPDYOG aBibliografi: halaman 89-9031aYogyakarta :bUNY Press,c2017 2rdacontentateks 2rdamediaatanpa perantara 2rdacarrieravolume aCB-D.11/2017-3493 aCB-D.11/2017-3493